[Event "Reykjavik Fischer Memorial"]
[Site "Reykjavik"]
[Date "2008.03.11"]
[Round "4"]
[White "Portisch, Lajos"]
[Black "Benko, Pal C"]
[Result "1-0"]
[WhiteElo "2530"]
[BlackElo "2408"]
[PlyCount "44"]
[EventDate "2008.03.10"]
[EventType "tourn (rapid)"]
[EventRounds "6"]
[EventCountry "ISL"]
[EventCategory "9"]
[SourceTitle "CBM 123 Extra"]
[Source "ChessBase"]
[SourceDate "2008.05.06"]
[SourceVersion "1"]
[SourceVersionDate "2008.05.06"]
[SourceQuality "1"]

1. d4 Nf6 2. Nf3 d5 3. c4 c6 4. Nc3 e6 5. e3 Nbd7 6. Qc2 Bd6 7. Be2 0-0 8. 0-0 Qe7 9. b3 b6 10. Bb2 Bb7 11. Rad1 dxc4 12. bxc4 e5 13. Bd3 Rfe8 14. Ng5 h6 15. Nge4 Bc7 16. d5 cxd5 17. cxd5 Bxd5 18. Nxf6+ Nxf6 19. Nxd5 Nxd5 20. Bh7+ Kh8 21. Rxd5 Rac8 22. Rd2 Bb8 1-0

[Event "Reykjavik Fischer Memorial"]
[Site "Reykjavik"]
[Date "2008.03.10"]
[Round "1"]
[White "Benko, Pal C"]
[Black "Portisch, Lajos"]
[Result "1/2-1/2"]
[WhiteElo "2408"]
[BlackElo "2530"]
[PlyCount "61"]
[EventDate "2008.03.10"]
[EventType "tourn (rapid)"]
[EventRounds "6"]
[EventCountry "ISL"]
[EventCategory "9"]
[SourceTitle "CBM 123 Extra"]
[Source "ChessBase"]
[SourceDate "2008.05.06"]
[SourceVersion "1"]
[SourceVersionDate "2008.05.06"]
[SourceQuality "1"]

1. c4 e6 2. Nc3 d5 3. d4 Nf6 4. Bg5 Nbd7 5. e3 c6 6. Nf3 Qa5 7. Qc2 Ne4 8. cxd5 Nxg5 9. Nxg5 exd5 10. Bd3 Be7 11. Nf3 Nf6 12. 0-0 0-0 13. a3 Qd8 14. b4 Bd6 15. h3 Re8 16. b5 Qe7 17. bxc6 bxc6 18. a4 Bd7 19. Rfb1 Rab8 20. a5 Ne4 21. Bxe4 dxe4 22. Nd2 Bf5 23. Rxb8 Bxb8 24. Qa4 Qd6 25. Kf1 Bc7 26. d5 Bd7 27. Ncxe4 Qxd5 28. Qc2 Bf5 29. f3 Bxa5 30. Rd1 Bb6 31. Nc4 1/2-1/2

[Event "Oberliga Bayern 9697"]
[Site "Bayern"]
[Date "1997.??.??"]
[Round "?"]
[White "Benko, Pal C"]
[Black "Gruenberg, Hans Ulrich"]
[Result "0-1"]
[WhiteElo "2425"]
[BlackElo "2440"]
[PlyCount "146"]
[EventDate "1996.10.13"]
[EventType "team-tourn"]
[EventRounds "9"]
[EventCountry "GER"]
[SourceTitle "EXT 2020"]
[Source "ChessBase"]
[SourceDate "2019.10.17"]
[SourceVersion "1"]
[SourceVersionDate "2019.10.17"]
[SourceQuality "1"]
[WhiteTeam "Goeggingen"]
[BlackTeam "Pasing"]
[WhiteTeamCountry "GER"]
[BlackTeamCountry "GER"]

1. c4 g6 2. g3 Bg7 3. Bg2 Nf6 4. Nc3 0-0 5. Nf3 c6 6. d4 d6 7. 0-0 Nbd7 8. e4 e5 9. h3 Qb6 10. d5 Nc5 11. Re1 a5 12. Rb1 cxd5 13. cxd5 Bd7 14. Bf1 Rfc8 15. Nd2 Qc7 16. a4 Rcb8 17. Nb5 Bxb5 18. Bxb5 Bh6 19. Qf3 Nfd7 20. Nc4 Bxc1 21. Rexc1 b6 22. Bc6 Ra6 23. h4 Rf8 24. Bb5 Ra7 25. Ne3 Qd8 26. b3 Nf6 27. Rc4 h5 28. Qg2 Qe7 29. f3 Nh7 30. Qc2 Nf6 31. Rc3 Kh8 32. Qd2 Nh7 33. Nc4 Qd8 34. Qh6 Rg8 35. Ne3 f6 36. Kh2 Qe7 37. Rg1 Rb7 38. Rg2 Qg7 39. Qxg7+ Kxg7 40. Nc4 Rd8 41. Rb2 f5 42. exf5 gxf5 43. Ne3 Kg6 44. Bd3 Nxd3 45. Rxd3 b5 46. Rc2 Nf6 47. Rc6 bxa4 48. bxa4 Rb2+ 49. Kg1 e4 50. fxe4 fxe4 51. Rd1 Rb3 52. Kf2 Ng4+ 53. Nxg4 hxg4 54. Re1 Rf8+ 55. Kg2 Rff3 56. Rxd6+ Kf5 57. Re6 Rxg3+ 58. Kh2 Rge3 59. Rxe3 Rxe3 60. Re8 Rd3 61. Rd8 Ke5 62. h5 Rh3+ 63. Kg2 Rxh5 64. Kg3 Kd4 65. d6 Rg5 66. Re8 Rd5 67. Kf4 Rxd6 68. Rxe4+ Kd3 69. Re3+ Kd2 70. Ra3 Rd4+ 71. Kg3 Kc2 72. Re3 Rxa4 73. Re8 Rc4 0-1

[Event "HUN-chT 9697"]
[Site "Hungary"]
[Date "1996.??.??"]
[Round "6"]
[White "Benko, Pal C"]
[Black "Feher, Gyula"]
[Result "1/2-1/2"]
[WhiteElo "2425"]
[BlackElo "2395"]
[PlyCount "92"]
[EventDate "1996.??.??"]
[EventType "team"]
[EventRounds "12"]
[EventCountry "HUN"]
[SourceTitle "EXT 2006"]
[Source "ChessBase"]
[SourceDate "2005.11.24"]
[SourceVersion "1"]
[SourceVersionDate "2005.11.24"]
[SourceQuality "1"]
[WhiteTeam "Budapest MTK"]
[BlackTeam "Postas"]
[WhiteTeamCountry "HUN"]
[BlackTeamCountry "HUN"]

1. c4 c5 2. g3 g6 3. Bg2 Bg7 4. Nc3 Nc6 5. e3 e6 6. Nge2 Nge7 7. 0-0 0-0 8. d4 cxd4 9. Nxd4 d5 10. cxd5 Nxd4 11. exd4 Nxd5 12. Qb3 Bxd4 13. Nxd5 exd5 14. Bh6 Bg7 15. Bxg7 Kxg7 16. Bxd5 Rb8 17. Rac1 b5 18. Rfd1 Rb6 19. Rc6 b4 20. Rc4 Qe7 21. Rdc1 Be6 22. Bxe6 Qxe6 23. Rxb4 Rxb4 24. Qxb4 Qxa2 25. Qa3 Qxa3 26. bxa3 Re8 27. Rc5 Re6 28. Ra5 a6 29. h4 h5 30. Kg2 Kf6 31. f3 Kg7 32. g4 hxg4 33. fxg4 Rc6 34. Ra4 Kf6 35. Kf3 Ke5 36. Ra5+ Kf6 37. Ra4 Ke5 38. Re4+ Kd5 39. Kf4 f6 40. h5 gxh5 41. gxh5 Rc1 42. Re3 Rf1+ 43. Rf3 Rxf3+ 44. Kxf3 Ke6 45. Kg4 Kf7 46. a4 a5 1/2-1/2

[Event "HUN-chT 9697"]
[Site "Hungary"]
[Date "1996.??.??"]
[Round "4"]
[White "Benko, Pal C"]
[Black "Krutti, Valer"]
[Result "1/2-1/2"]
[WhiteElo "2425"]
[BlackElo "2280"]
[PlyCount "31"]
[EventDate "1996.??.??"]
[EventType "team"]
[EventRounds "12"]
[EventCountry "HUN"]
[SourceTitle "EXT 2006"]
[Source "ChessBase"]
[SourceDate "2005.11.24"]
[SourceVersion "1"]
[SourceVersionDate "2005.11.24"]
[SourceQuality "1"]
[WhiteTeam "Budapest MTK"]
[BlackTeam "Nagykanizsa"]
[WhiteTeamCountry "HUN"]
[BlackTeamCountry "HUN"]

1. c4 c5 2. g3 g6 3. Bg2 Bg7 4. Nc3 Nc6 5. e3 e6 6. Nge2 Nge7 7. 0-0 Nf5 8. a3 a5 9. Rb1 0-0 10. b3 b6 11. Bb2 Ba6 12. d3 Rc8 13. Qd2 d6 14. Rfd1 Qe7 15. Na4 Bh6 16. Nf4 1/2-1/2

[Event "HUN-chT 9697"]
[Site "Hungary"]
[Date "1996.??.??"]
[Round "1"]
[White "Benko, Pal C"]
[Black "Orgovan, Sandor"]
[Result "1/2-1/2"]
[WhiteElo "2425"]
[BlackElo "2330"]
[PlyCount "20"]
[EventDate "1996.??.??"]
[EventType "team"]
[EventRounds "12"]
[EventCountry "HUN"]
[SourceTitle "EXT 2006"]
[Source "ChessBase"]
[SourceDate "2005.11.24"]
[SourceVersion "1"]
[SourceVersionDate "2005.11.24"]
[SourceQuality "1"]
[WhiteTeam "Budapest MTK"]
[BlackTeam "Statisztika"]
[WhiteTeamCountry "HUN"]
[BlackTeamCountry "HUN"]

1. c4 Nf6 2. Nc3 c5 3. g3 g6 4. Bg2 Bg7 5. e3 0-0 6. Nge2 d6 7. 0-0 Nc6 8. d4 cxd4 9. exd4 e5 10. h3 exd4 1/2-1/2

[Event "US Open-97"]
[Site "Alexandria"]
[Date "1996.??.??"]
[Round "1"]
[White "Bisguier, Arthur Bernard"]
[Black "Benko, Pal C"]
[Result "1/2-1/2"]
[WhiteElo "2385"]
[BlackElo "2425"]
[PlyCount "48"]
[EventDate "1996.08.04"]
[EventType "swiss"]
[EventRounds "12"]
[EventCountry "USA"]
[SourceTitle "EXT 2000"]
[Source "ChessBase"]
[SourceDate "1999.11.16"]
[SourceVersion "1"]
[SourceVersionDate "1999.11.16"]
[SourceQuality "1"]

1. d4 Nf6 2. c4 e6 3. Nf3 b6 4. a3 Bb7 5. Nc3 Be7 6. Bg5 Ne4 7. Nxe4 Bxe4 8. Bxe7 Qxe7 9. e3 0-0 10. Bd3 Bxd3 11. Qxd3 d6 12. 0-0 Nd7 13. Rad1 a5 14. e4 Rfd8 15. Qc3 a4 16. Rfe1 Ra5 17. Re3 e5 18. h3 Re8 19. Qc2 Nf6 20. d5 Nd7 21. Ne1 Nc5 22. Nd3 Nxd3 23. Rexd3 Qd7 24. Rf3 Rf8 1/2-1/2

[Event "BL2-Sued 9596"]
[Site "Germany"]
[Date "1995.??.??"]
[Round "?.1"]
[White "Benko, Pal C"]
[Black "Pinter, Jozsef"]
[Result "1/2-1/2"]
[WhiteElo "2425"]
[BlackElo "2565"]
[PlyCount "25"]
[EventDate "1995.10.??"]
[EventType "team-tourn"]
[EventRounds "9"]
[EventCountry "GER"]
[SourceTitle "GER-chT2"]
[Source "ChessBase"]
[SourceDate "1999.07.01"]
[SourceVersion "1"]
[SourceVersionDate "1999.07.01"]
[SourceQuality "1"]
[WhiteTeam "Goeggingen"]
[BlackTeam "Regensburg DJK"]
[WhiteTeamCountry "GER"]
[BlackTeamCountry "GER"]

1. e4 e5 2. Nc3 Nc6 3. Nf3 Nf6 4. Bb5 Bb4 5. 0-0 0-0 6. Bxc6 dxc6 7. d3 Re8 8. Ne2 Bf8 9. b3 Nd7 10. Bb2 c5 11. Nd2 Nb8 12. Nc4 Nc6 13. Ne3 1/2-1/2

[Event "BL2-Sued 9596"]
[Site "Germany"]
[Date "1995.??.??"]
[Round "?.1"]
[White "Fahnenschmidt, Gerhard"]
[Black "Benko, Pal C"]
[Result "1/2-1/2"]
[WhiteElo "2405"]
[BlackElo "2425"]
[PlyCount "38"]
[EventDate "1995.10.??"]
[EventType "team-tourn"]
[EventRounds "9"]
[EventCountry "GER"]
[SourceTitle "GER-chT2"]
[Source "ChessBase"]
[SourceDate "1999.07.01"]
[SourceVersion "1"]
[SourceVersionDate "1999.07.01"]
[SourceQuality "1"]
[WhiteTeam "Sindelfingen"]
[BlackTeam "Goeggingen"]
[WhiteTeamCountry "GER"]
[BlackTeamCountry "GER"]

1. d4 Nf6 2. c4 d6 3. Nc3 e5 4. Nf3 Nbd7 5. e4 c6 6. Be2 Be7 7. 0-0 0-0 8. Qc2 Qc7 9. Rd1 Re8 10. d5 cxd5 11. cxd5 a6 12. Ne1 Bd8 13. a4 Qb8 14. a5 b6 15. b4 b5 16. Be3 Nf8 17. f3 Nh5 18. Nd3 g6 19. g4 Ng7 1/2-1/2

[Event "BL2-Sued 9495"]
[Site "Germany"]
[Date "1995.??.??"]
[Round "3.1"]
[White "Schulze, Ulrich"]
[Black "Benko, Pal C"]
[Result "1/2-1/2"]
[WhiteElo "2400"]
[BlackElo "2420"]
[PlyCount "50"]
[EventDate "1994.10.??"]
[EventType "team-tourn"]
[EventRounds "9"]
[EventCountry "GER"]
[SourceTitle "GER-chT2"]
[Source "ChessBase"]
[SourceDate "1999.07.01"]
[SourceVersion "1"]
[SourceVersionDate "1999.07.01"]
[SourceQuality "1"]
[WhiteTeam "Eppingen"]
[BlackTeam "Goeggingen"]
[WhiteTeamCountry "GER"]
[BlackTeamCountry "GER"]

1. Nf3 Nf6 2. c4 c5 3. g3 b6 4. Bg2 Bb7 5. Nc3 e6 6. 0-0 Be7 7. d4 cxd4 8. Qxd4 Nc6 9. Qf4 0-0 10. Rd1 Qb8 11. Qxb8 Raxb8 12. Bf4 Rbc8 13. Rac1 Rfd8 14. Nb5 d5 15. Ne5 Nxe5 16. Bxe5 a6 17. Na7 Ra8 18. cxd5 Rxa7 19. d6 Bf8 20. Bxf6 gxf6 21. Rc7 Rxd6 22. Rxd6 Bxd6 23. Rxb7 Rxb7 24. Bxb7 a5 25. g4 h6 1/2-1/2

[Event "HUN-chT"]
[Site "Hungary"]
[Date "1993.??.??"]
[Round "?"]
[White "Banas, Jan"]
[Black "Benko, Pal C"]
[Result "1/2-1/2"]
[WhiteElo "2375"]
[BlackElo "2420"]
[PlyCount "20"]
[EventDate "1993.??.??"]
[EventType "team"]
[EventRounds "13"]
[EventCountry "HUN"]
[SourceTitle "TD"]
[Source "ChessBase"]
[SourceDate "1994.03.01"]
[SourceVersion "1"]
[SourceVersionDate "1994.03.01"]
[SourceQuality "1"]

1. c4 e5 2. Nc3 Nf6 3. Nf3 Nc6 4. e3 Bb4 5. Qb3 a5 6. a3 Bc5 7. d3 0-0 8. Be2 d6 9. 0-0 Rb8 10. Bd2 Be6 1/2-1/2

[Event "BL2-Sued 9293"]
[Site "Germany"]
[Date "1992.??.??"]
[Round "?.1"]
[White "Benko, Pal C"]
[Black "Lorscheid, Gerhard"]
[Result "1-0"]
[WhiteElo "2425"]
[BlackElo "2305"]
[PlyCount "81"]
[EventDate "1992.10.??"]
[EventType "team-tourn"]
[EventRounds "9"]
[EventCountry "GER"]
[SourceTitle "GER-chT2"]
[Source "ChessBase"]
[SourceDate "1999.07.01"]
[SourceVersion "1"]
[SourceVersionDate "1999.07.01"]
[SourceQuality "1"]
[WhiteTeam "Goeggingen"]
[BlackTeam "Stuttgart"]
[WhiteTeamCountry "GER"]
[BlackTeamCountry "GER"]

1. c4 g6 2. d4 Bg7 3. e4 d6 4. Nc3 Nf6 5. Be2 0-0 6. Bg5 Na6 7. Nf3 e5 8. d5 h6 9. Bxf6 Bxf6 10. a3 c5 11. dxc6 bxc6 12. Qd2 Kg7 13. Rd1 Qb6 14. b4 Rd8 15. Qc2 Bg4 16. 0-0 Qb7 17. Nd2 Bxe2 18. Nxe2 d5 19. Nb3 dxc4 20. Na5 Qb5 21. Nc3 Qb6 22. Nxc4 Qb7 23. Na5 Qc7 24. Qa4 Rac8 25. Rxd8 Bxd8 26. Nc4 Nb8 27. Rd1 Be7 28. g3 Nd7 29. Rc1 Nb6 30. Nxb6 Qxb6 31. Nd5 Qb7 32. Nxe7 Qxe7 33. Rxc6 Rd8 34. Qc2 a5 35. Rc5 axb4 36. axb4 Rd4 37. b5 Qf6 38. Kg2 g5 39. h3 h5 40. Qe2 Rb4 41. Rc6 1-0

[Event "BL2-Ost 9192"]
[Site "Germany"]
[Date "1992.??.??"]
[Round "?"]
[White "Benko, Pal C"]
[Black "Mandl, Robert"]
[Result "1/2-1/2"]
[WhiteElo "2415"]
[BlackElo "2415"]
[PlyCount "98"]
[EventDate "1991.10.??"]
[EventType "team-tourn"]
[EventRounds "9"]
[EventCountry "GER"]
[SourceTitle "GER-chT2"]
[Source "ChessBase"]
[SourceDate "1999.07.01"]
[SourceVersion "1"]
[SourceVersionDate "1999.07.01"]
[SourceQuality "1"]

1. g3 c5 2. Bg2 g6 3. c4 Bg7 4. Nc3 Nc6 5. e3 Nh6 6. Nge2 Nf5 7. 0-0 d6 8. b3 h5 9. h3 Bd7 10. Bb2 a6 11. Rb1 b5 12. d3 Rb8 13. Nd5 e5 14. a3 h4 15. g4 Nh6 16. f4 bxc4 17. dxc4 0-0 18. Bc3 Re8 19. Qd2 f5 20. g5 Nf7 21. b4 cxb4 22. axb4 Ne7 23. Ra1 Qc8 24. Nf6+ Bxf6 25. gxf6 Nc6 26. Bd5 Be6 27. Rf2 Bxd5 28. cxd5 Na7 29. Rg2 Nh8 30. fxe5 dxe5 31. d6 Qe6 32. Rxa6 Nb5 33. d7 Qxa6 34. dxe8Q+ Rxe8 35. Qd5+ Kf8 36. Bxe5 Qe6 37. Qc5+ Kf7 38. Bf4 Qd7 39. Nd4 Nxd4 40. exd4 Rc8 41. Qd6 Qxd6 42. Bxd6 Rc4 43. Be5 Rxb4 44. Ra2 Ke6 45. Ra7 g5 46. Re7+ Kd5 47. f7 Nxf7 48. Rxf7 Ke4 49. Rg7 Rb1+ 1/2-1/2

[Event "Wch Seniors 02nd"]
[Site "Bad Woerishofen"]
[Date "1992.??.??"]
[Round "6"]
[White "Benko, Pal C"]
[Black "Nikolac, Juraj"]
[Result "1/2-1/2"]
[WhiteElo "2420"]
[BlackElo "2460"]
[PlyCount "37"]
[EventDate "1992.11.08"]
[EventType "swiss"]
[EventRounds "11"]
[EventCountry "GER"]
[SourceTitle "EXT 1997"]
[Source "ChessBase"]
[SourceDate "1996.11.15"]
[SourceVersion "1"]
[SourceVersionDate "1996.11.15"]
[SourceQuality "1"]

1. Nf3 d5 2. d4 Nf6 3. c4 e6 4. Nc3 Be7 5. Bf4 c5 6. dxc5 Na6 7. e3 Nxc5 8. cxd5 Nxd5 9. Bb5+ Bd7 10. Nxd5 exd5 11. Bxd7+ Qxd7 12. 0-0 0-0 13. Be5 Rac8 14. Rc1 Rfd8 15. Qe2 Ne4 16. h3 f6 17. Bd4 Qa4 18. b3 Qa5 19. Rc2 1/2-1/2

[Event "Aruba"]
[Site "Aruba"]
[Date "1992.??.??"]
[Round "7"]
[White "Benko, Pal C"]
[Black "Polgar, Zsuzsa"]
[Result "1/2-1/2"]
[WhiteElo "2415"]
[BlackElo "2530"]
[PlyCount "70"]
[EventDate "1992.03.??"]
[EventType "tourn"]
[EventRounds "9"]
[EventCountry "NAU"]
[EventCategory "11"]
[SourceTitle "CBM 030"]
[Source "ChessBase"]
[SourceDate "1992.10.01"]
[SourceVersion "1"]
[SourceVersionDate "1992.10.01"]
[SourceQuality "1"]

1. d4 f5 2. g3 Nf6 3. Bg2 g6 4. Nf3 Bg7 5. 0-0 0-0 6. b3 d6 7. Bb2 Qe8 8. c4 h6 9. d5 c5 10. dxc6 bxc6 11. Nc3 Na6 12. Nd4 Bd7 13. Qd2 Rd8 14. Rad1 Nc5 15. Ba3 Nce4 16. Nxe4 Nxe4 17. Qc2 c5 18. Nf3 Bc6 19. Bb2 Nf6 20. Nh4 Kh7 21. Bxc6 Qxc6 22. Bxf6 Rxf6 23. Ng2 a5 24. Nf4 a4 25. Nd5 Rf7 26. Rd3 Be5 27. b4 cxb4 28. Nxb4 Qc5 29. Qxa4 Qxc4 30. Qb3 Rc8 31. Nd5 Qxb3 32. axb3 Rc2 33. e3 e6 34. Nb4 Rb2 35. Nc6 Rc7 1/2-1/2

[Event "Wch Seniors 02nd"]
[Site "Bad Woerishofen"]
[Date "1992.??.??"]
[Round "8"]
[White "Benko, Pal C"]
[Black "Winiwarter, Felix"]
[Result "1-0"]
[WhiteElo "2420"]
[BlackElo "2285"]
[PlyCount "91"]
[EventDate "1992.11.08"]
[EventType "swiss"]
[EventRounds "11"]
[EventCountry "GER"]
[SourceTitle "EXT 1997"]
[Source "ChessBase"]
[SourceDate "1996.11.15"]
[SourceVersion "1"]
[SourceVersionDate "1996.11.15"]
[SourceQuality "1"]

1. c4 Nf6 2. Nc3 g6 3. e4 d6 4. d4 Bg7 5. Be2 0-0 6. Bg5 h6 7. Be3 e5 8. d5 a5 9. h4 Na6 10. h5 Nc5 11. hxg6 fxg6 12. Qc2 g5 13. 0-0-0 Ra6 14. f3 Bd7 15. g4 a4 16. Bf1 Qa8 17. Nge2 Qa7 18. Qd2 Qb6 19. Ng3 Qb4 20. Nb5 Qxd2+ 21. Rxd2 Ne8 22. Be2 Rf7 23. Kc2 Bf8 24. Nc3 Ra8 25. b4 axb3+ 26. axb3 Na6 27. Rdd1 Kg7 28. Kb2 Nb4 29. Ra1 Rxa1 30. Rxa1 Na6 31. Bd2 Kg6 32. Nd1 Ng7 33. Ne3 Be7 34. b4 Rf8 35. Rh1 Rh8 36. Nef5 Nxf5 37. exf5+ Kf7 38. Ne4 Bf6 39. c5 dxc5 40. bxc5 h5 41. Bxa6 bxa6 42. c6 Bc8 43. Bxg5 hxg4 44. Rxh8 Bxh8 45. fxg4 Ke8 46. d6 1-0

[Event "Aruba"]
[Site "Aruba"]
[Date "1992.??.??"]
[Round "1"]
[White "Kindermann, Stefan"]
[Black "Benko, Pal C"]
[Result "1-0"]
[WhiteElo "2505"]
[BlackElo "2415"]
[PlyCount "113"]
[EventDate "1992.03.??"]
[EventType "tourn"]
[EventRounds "9"]
[EventCountry "NAU"]
[EventCategory "11"]
[SourceTitle "CBM 030"]
[Source "ChessBase"]
[SourceDate "1992.10.01"]
[SourceVersion "1"]
[SourceVersionDate "1992.10.01"]
[SourceQuality "1"]

1. e4 c5 2. Nf3 Nc6 3. d4 cxd4 4. Nxd4 Nf6 5. Nc3 d6 6. Be2 g6 7. 0-0 Bg7 8. Be3 0-0 9. Qd2 Ng4 10. Bxg4 Bxg4 11. Nxc6 bxc6 12. Bh6 Bxh6 13. Qxh6 Qb6 14. Rab1 Be6 15. Rfd1 Rab8 16. Rd3 Qc5 17. b3 Rb4 18. Re1 f6 19. Qd2 a5 20. Na4 Qa7 21. c3 Rb7 22. c4 Rb4 23. Rc3 c5 24. f4 Bd7 25. Nb2 a4 26. e5 axb3 27. axb3 fxe5 28. fxe5 dxe5 29. Qd5+ e6 30. Qxe5 Qb6 31. Rd3 Rf5 32. Qe3 Rf7 33. Red1 Qc7 34. R3d2 Rb7 35. Nd3 Rxb3 36. Qxc5 Bc8 37. Qd4 Rd7 38. Qe4 Rd8 39. h3 Rb8 40. Ne5 Rxd2 41. Rxd2 Bb7 42. Qd4 Rc8 43. Ng4 e5 44. Nxe5 Qg7 45. Qd6 Re8 46. Nd7 Kh8 47. Nf6 Rf8 48. Rf2 Rc8 49. c5 h5 50. Kh2 Qc7 51. Re2 Qc6 52. Qf4 Qc7 53. Re5 Kg7 54. Kg1 Kh8 55. Qd4 Rd8 56. Rd5 Bxd5 57. Ne8+ 1-0

[Event "BL2-Ost 9192"]
[Site "Germany"]
[Date "1992.??.??"]
[Round "?"]
[White "Klundt, Klaus"]
[Black "Benko, Pal C"]
[Result "1/2-1/2"]
[WhiteElo "2415"]
[BlackElo "2415"]
[PlyCount "89"]
[EventDate "1991.10.??"]
[EventType "team-tourn"]
[EventRounds "9"]
[EventCountry "GER"]
[SourceTitle "GER-chT2"]
[Source "ChessBase"]
[SourceDate "1999.07.01"]
[SourceVersion "1"]
[SourceVersionDate "1999.07.01"]
[SourceQuality "1"]

1. e4 c5 2. Nf3 Nc6 3. d4 cxd4 4. Nxd4 e5 5. Nb5 d6 6. N1c3 a6 7. Na3 b5 8. Nd5 Nf6 9. Bg5 Be7 10. Bxf6 Bxf6 11. c3 0-0 12. Nc2 Be6 13. a4 bxa4 14. Rxa4 a5 15. Bc4 Rb8 16. b3 Ne7 17. Nce3 Nc8 18. 0-0 Bg5 19. Qa1 Bxe3 20. Nxe3 Bxc4 21. bxc4 Ra8 22. Qa3 f6 23. Ra1 Rf7 24. c5 dxc5 25. Qxc5 Rc7 26. Qb5 Rxc3 27. Rd1 Nd6 28. Qb2 Rc6 29. Qa2+ Kh8 30. Qd5 Qc7 31. h4 h6 32. Nc4 Nxc4 33. Rxc4 Rc8 34. Rxc6 Qxc6 35. Qxc6 Rxc6 36. Rd8+ Kh7 37. Ra8 Rc1+ 38. Kh2 Rc4 39. f3 Ra4 40. h5 Ra1 41. Kg3 a4 42. Kg4 Ra2 43. Kh3 a3 44. Kg3 Ra1 45. Kg4 1/2-1/2

[Event "Aruba"]
[Site "Aruba"]
[Date "1992.??.??"]
[Round "4"]
[White "Polgar, Judit"]
[Black "Benko, Pal C"]
[Result "1-0"]
[WhiteElo "2550"]
[BlackElo "2415"]
[PlyCount "67"]
[EventDate "1992.03.??"]
[EventType "tourn"]
[EventRounds "9"]
[EventCountry "NAU"]
[EventCategory "11"]
[SourceTitle "CBM 030"]
[Source "ChessBase"]
[SourceDate "1992.10.01"]
[SourceVersion "1"]
[SourceVersionDate "1992.10.01"]
[SourceQuality "1"]

1. e4 c6 2. d4 d5 3. exd5 cxd5 4. c4 Nf6 5. Nc3 e6 6. Nf3 Be7 7. cxd5 Nxd5 8. Bd3 Nc6 9. 0-0 0-0 10. Re1 Bf6 11. Be4 Qd6 12. a3 a6 13. Bc2 Nxc3 14. bxc3 g6 15. a4 Rd8 16. Ng5 Bg7 17. Ne4 Qc7 18. Bg5 Rd5 19. Qd2 Na5 20. Nf6+ Bxf6 21. Bxf6 Rh5 22. h4 Nc4 23. Qc1 Nd6 24. Re5 Rxe5 25. Bxe5 Qd8 26. Qh6 Ne8 27. Re1 Bd7 28. Re3 Qe7 29. h5 Qf8 30. Qf4 f6 31. hxg6 hxg6 32. Bxg6 Qg7 33. Rg3 fxe5 34. dxe5 1-0

[Event "Wch Seniors 02nd"]
[Site "Bad Woerishofen"]
[Date "1992.??.??"]
[Round "7"]
[White "Suetin, Alexey S"]
[Black "Benko, Pal C"]
[Result "1/2-1/2"]
[WhiteElo "2405"]
[BlackElo "2420"]
[PlyCount "61"]
[EventDate "1992.11.08"]
[EventType "swiss"]
[EventRounds "11"]
[EventCountry "GER"]
[SourceTitle "EXT 1997"]
[Source "ChessBase"]
[SourceDate "1996.11.15"]
[SourceVersion "1"]
[SourceVersionDate "1996.11.15"]
[SourceQuality "1"]

1. e4 c6 2. d4 d5 3. Nc3 dxe4 4. Nxe4 Nd7 5. Bc4 Ngf6 6. Ng5 e6 7. Qe2 Nb6 8. Bb3 h6 9. N5f3 c5 10. Bf4 a6 11. 0-0-0 c4 12. Bxc4 Nxc4 13. Qxc4 b5 14. Qc7 Qxc7 15. Bxc7 Bb7 16. Ne1 Rc8 17. Bg3 Be7 18. Ngf3 0-0 19. Ne5 Rfd8 20. f3 Nd5 21. Bf2 Bg5+ 22. Kb1 f6 23. N5d3 b4 24. Nc5 Be3 25. Bxe3 Nxe3 26. Rd3 Nf5 27. Nb3 Bd5 28. g4 Bxb3 29. axb3 Nxd4 30. Rf1 Nc6 31. Rf2 1/2-1/2

[Event "Wch Seniors 02nd"]
[Site "Bad Woerishofen"]
[Date "1992.??.??"]
[Round "5"]
[White "Taimanov, Mark E"]
[Black "Benko, Pal C"]
[Result "1/2-1/2"]
[WhiteElo "2505"]
[BlackElo "2420"]
[PlyCount "40"]
[EventDate "1992.11.08"]
[EventType "swiss"]
[EventRounds "11"]
[EventCountry "GER"]
[SourceTitle "EXT 1997"]
[Source "ChessBase"]
[SourceDate "1996.11.15"]
[SourceVersion "1"]
[SourceVersionDate "1996.11.15"]
[SourceQuality "1"]

1. Nf3 c5 2. b3 d5 3. e3 Nf6 4. Bb2 e6 5. c4 dxc4 6. Bxc4 a6 7. 0-0 Nc6 8. d4 cxd4 9. Nxd4 Bd7 10. Nd2 Be7 11. N2f3 0-0 12. Rc1 Rc8 13. Qe2 Qa5 14. a3 Qh5 15. b4 Nxd4 16. Bxd4 a5 17. Ne5 Qxe2 18. Bxe2 axb4 19. axb4 Bxb4 20. Rb1 Bc5 1/2-1/2

[Event "New York op"]
[Site "New York"]
[Date "1991.??.??"]
[Round "4"]
[White "Benko, Pal C"]
[Black "Gulko, Boris F"]
[Result "1/2-1/2"]
[WhiteElo "2405"]
[BlackElo "2575"]
[PlyCount "27"]
[EventDate "1991.03.??"]
[EventType "swiss"]
[EventRounds "9"]
[EventCountry "USA"]
[SourceTitle "CBM 023"]
[Source "ChessBase"]
[SourceDate "1991.08.01"]
[SourceVersion "1"]
[SourceVersionDate "1991.08.01"]
[SourceQuality "1"]

1. Nf3 Nf6 2. c4 e6 3. Nc3 d5 4. d4 Bb4 5. cxd5 exd5 6. Bg5 Nbd7 7. Bxf6 Bxc3+ 8. bxc3 Nxf6 9. e3 0-0 10. Be2 c5 11. dxc5 Qc7 12. 0-0 Qxc5 13. Rc1 Bd7 14. c4 1/2-1/2